000 00468nmm a2200169Ia 4500
008 251105s9999||||xx |||||||||||||||||und||
020 _a9789568601140
041 _aspa
100 _aGalemiri, Benjamín
245 0 _aObras Completas I
264 _a[Santiago de Chile, Chile] :
_bUqbar,
_c2007
300 _a600 páginas
490 _aDramaturgia
650 _aLatin American narrative
856 _uhttps://public.digitaliapublishing.com/a/21294
942 _cCF
999 _c94738
_d94738